00438 a2200193 4500260001000000630001800010037001000028650003900038100002500077260003500102245002700137300001200164650001400176260000900190300000900199100000700208037001100215020001800226 aParis a57 - Biologie bAchat a5 - SCIENCES EXACTES ET NATURELLES aLehninger, Albert L. bFlammarion Médecine Sciences aPrincipes de Biochimie a1006 p. aBiochimie c1985 b27cm lFr aS 3785 a2-257-15015-5